000
00289nam a22001217a 4500
008
190222b xxu||||| |||| 00| 0 eng d
041
_a
eng
080
_a
510
100
_a
36
101
_a
MAT
245
_a
College Algebra with Modeling and Visualization
_c
Rockswold, G
942
_2
udc
_c
BK
999
_c
54128
_d
54128